| 000 | 00578nam a2200133Ia 4500 | ||
|---|---|---|---|
| 008 | 171207s9999 xx 000 0 und d | ||
| 100 | _aAl Dahhan, Noor Z. | ||
| 245 | _aEye Movements and Articulations During a Letter Naming Speed Task Children With and Without Dyslexia | ||
| 245 | _cNoor Z. Al Dahhan, John R. Kirby, Donald C. Brien, Douglas P. Munoz | ||
| 260 | _c2017 | ||
| 300 | _apages 275–285, May/June 2017 | ||
| 440 |
_aJournal of Learning Disabilities _v50:3 |
||
| 650 | _aNAMING SPEED, PHONOLOGICAL PROCESSING, ORTHOGRAPHY, DYSLEXIA, EYE MOVEMENTSM ARTICULATIONS | ||
| 999 |
_c347510 _d347510 |
||